| 000 | 01785cam a22004814i 4500 | ||
|---|---|---|---|
| 003 | PE-LiUPU | ||
| 005 | 20250731173338.0 | ||
| 008 | 150706s2007 xxu r 000 0 eng d | ||
| 020 | _a1597527793 | ||
| 035 | _a(Sirsi) i9781597527798 | ||
| 040 |
_aPE-LiUPU _bspa _cPE-LiUPU _erda |
||
| 049 | _aPRUA | ||
| 082 | 0 | 4 |
_a227.4 _bG25 _221 |
| 100 | 1 |
_aGarlington, Don, _eautor. |
|
| 245 | 1 | 3 |
_aAn exposition of Galatians : _ba reading from the new perspective / _cDon Garlington. |
| 250 | _aTercera edición. | ||
| 264 | 1 |
_aEugene, Oregon : _bWipf and Stock Publishers, _c2007. |
|
| 300 |
_a440 páginas ; _c23 centímetros |
||
| 336 |
_atext _2rdacontent |
||
| 337 |
_aunmediated _2rdamedia |
||
| 338 |
_avolume _2rdacarrier |
||
| 504 | _aIncluye bibliografía. | ||
| 505 | 0 | _aGalatians chapter one -- Galatians chapter two -- Galatians chapter three -- Galatians chapter four -- Galatians chapter five -- Galatians chapter six. | |
| 526 | _aSEG42 | ||
| 526 | _aSEG41 | ||
| 526 | _aSEG40 | ||
| 526 | _aSEG39 | ||
| 526 | _aP94 | ||
| 526 | _aP87 | ||
| 526 | _aP86 | ||
| 526 | _aP85 | ||
| 526 | _aP77 | ||
| 526 | _aP76 | ||
| 526 | _aP35 | ||
| 541 | _g20081126230934D47324; | ||
| 630 | 0 | 4 |
_aBiblia. _pN.T. _pGálatas _xCrítica, interpretación, etc. |
| 910 |
_agl _bjv _clch _d20090816 |
||
| 942 |
_2ddc _cBOOK |
||
| 949 |
_a227.4 G25 _wDEWEY _c1 _i59838 _lCCODEBUL1 _mBUL _p42.00 _r0 _sY _tBOOK _u2015-7-6 _xTEOLOGIA _PP85 _0COMPRA _o.STAFF. Colección Teología |
||
| 994 |
_aC0 _bPEPRU |
||
| 596 | _a1 | ||
| 999 |
_a227.4 G25 _wDEWEY _c49373 _i59838 _d49373 _f2021-11-9 _g5 _lCCODEBUL1 _mBUL _p42.00 _q3 _r0 _sY _tBOOK _u2015-7-6 _xTEOLOGIA _PP85 _0COMPRA _o.STAFF. Colección Teología |
||
| 980 |
_81 _gALBERTO SANCHEZ Responsable de Automatización |
||